|
|
|
|
| LEADER |
01213nam a2200361 a 4500 |
| 001 |
000030738 |
| 003 |
CZ BrMZK |
| 005 |
20230227142301.0 |
| 007 |
ta |
| 008 |
950313s1995 xr g j cze d |
| 015 |
|
|
|a cnb000106981
|
| 020 |
|
|
|a 80-237-2371-5
|
| 040 |
|
|
|a BOA001
|b cze
|
| 041 |
1 |
|
|a cze
|h ger
|
| 072 |
|
7 |
|a 821.112.2-3
|x Německá próza, německy psaná
|2 Konspekt
|9 25
|
| 080 |
|
|
|a 821.112.2-32
|2 MRF
|
| 080 |
|
|
|a (0:82-322.5)
|2 MRF
|
| 100 |
1 |
|
|a Heymach, Heinz,
|d 1928-
|7 xx0086460
|4 aut
|
| 245 |
1 |
0 |
|a Mé štěstí je v tvých rukou /
|c Heinz Heymach ; [z němčiny] přeložila Anna Vondráková
|
| 250 |
|
|
|a Vyd. 1.
|
| 260 |
|
|
|a Praha :
|b I. Železný,
|c 1995
|
| 300 |
|
|
|a 122 s. ;
|c 18 cm
|
| 490 |
1 |
|
|a Lásky v bílém plášti ;
|v 6 (6/95)
|
| 490 |
1 |
|
|a Lásky ;
|v 195
|
| 655 |
|
7 |
|a německé novely
|7 fd132940
|2 czenas
|
| 655 |
|
7 |
|a milostné novely
|7 fd436453
|2 czenas
|
| 700 |
1 |
|
|a Vondráková, Anna
|7 ola2005262708
|4 trl
|
| 765 |
0 |
|
|t Mein Leben lag in deinen Händen
|
| 830 |
|
0 |
|a Lásky v bílém plášti
|
| 830 |
|
0 |
|a Lásky
|
| 910 |
|
|
|a BOA001
|b 1-1011.176
|
| 990 |
|
|
|a BK
|
| 996 |
6 |
|
|b 2610024020
|c 1-1011.176
|l MZK
|r Sklad / do 1 hodiny
|n 2
|p p.v.
|w 000030738
|u 000010
|a 1
|e BOA001
|j MZK50
|s P
|